Gaming Quiz

Random Gaming or Pokémon Quiz

Legendary Pokemon (Gen-1) Quiz Stats

 Plays Quiz not verified by Sporcle

Challenge
Share
Tweet
Embed
Score 0/5 Timer 00:30
0 Plays Today
Pokemon Description Name of Pokemon % Correct
A Floating Cat ThingMew
98.1%
Mutation Of Floating Cat ThingMewTwo
93.7%
A PhoenixMoltres
93.1%
An Electric Flying Thing with 4 WingsZapdos
93.1%
Light-Blue Feathers w/ Super Long TailArticuno
93.1%

You're not logged in!

Compare scores with friends on all Sporcle quizzes.
Join for Free
OR
Log In

You Might Also Like...

Show Comments

Extras

Top Quizzes Today


Score Distribution

Your Account Isn't Verified!

In order to create a playlist on Sporcle, you need to verify the email address you used during registration. Go to your Sporcle Settings to finish the process.

Report this User

Report this user for behavior that violates our Community Guidelines.

Details: